SURGICAL ENDODONTICS (Record no. 3775)

MARC details
000 -LEADER
fixed length control field 00358nam a2200145Ia 4500
008 - FIXED-LENGTH DATA ELEMENTS--GENERAL INFORMATION
fixed length control field 150201s1999 xx 000 0 und d
082 ## - DEWEY DECIMAL CLASSIFICATION NUMBER
Classification number 617.6342
Item number S1999G
100 ## - MAIN ENTRY--PERSONAL NAME
Personal name GUTMAN,JAMES
245 ## - TITLE STATEMENT
Title SURGICAL ENDODONTICS
250 ## - EDITION STATEMENT
Edition statement 1ST
260 ## - PUBLICATION, DISTRIBUTION, ETC. (IMPRINT)
Name of publisher, distributor, etc. AIPD
Place of publication, distribution, etc. DELHI
Date of publication, distribution, etc. 1999
300 ## - PHYSICAL DESCRIPTION
Extent 1-468
650 ## - SUBJECT ADDED ENTRY--TOPICAL TERM
Topical term or geographic name as entry element CONSERVATIVE DENTISTRY & ENDODONTICS
942 ## - ADDED ENTRY ELEMENTS (KOHA)
Source of classification or shelving scheme Dewey Decimal Classification
Koha item type Books
Holdings
Withdrawn status Lost status Source of classification or shelving scheme Damaged status Not for loan Home library Current library Date acquired Source of acquisition Cost, normal purchase price Serial Enumeration / chronology SGTU Bill Number Total Checkouts Full call number Barcode Date last seen Date last checked out Bill Date Koha item type
    Dewey Decimal Classification     SGT Dental Library SGT Dental Library 22/12/2007 U.B.S.DELHI 695.00 1 SGTU 821 1 617.6342 S1999G FD4653 27/11/2017 27/11/2017 27/09/2012 Books
    Dewey Decimal Classification     SGT Dental Library SGT Dental Library 22/12/2007 U.B.S.DELHI 695.00 1 SGTU 821   617.6342 S1999G FD4654 09/02/2015   27/09/2012 Books